000 00518nam a22002057a 4500
003 OSt
005 20140310182015.0
008 121121t xxu||||| |||| 00| 0 eng d
020 _a1852836202
050 _aPZ 7
_b.G795 1991
082 _aKF
_bG82t 1991
100 _aGreen, Rod
_96447
245 _aTerminator tomato /
_cRod Green.
260 _aLondon :
_bBoxtree Limited,
_cc1991.
300 _a64 p. :
_bill. ;
_c20 cm.
541 _j1
562 _e1
650 _aFiction.
_9746
942 _2lcc
_cBK-KF
_kKF
999 _c8215
_d8215